[Event "Open Dutch Champ"]
[Site "Dieren NED"]
[Date "2004.08.03"]
[Round "7"]
[White "Tiviakov,S"]
[Black "Kalinitschew,S"]
[Result "1/2-1/2"]
[WhiteElo "2601"]
[BlackElo "2517"]

1.e4 c5 2.Nf3 Nc6 3.c3 e6 4.d4 d5 5.exd5 exd5 6.Bb5 cxd4 7.Nxd4 Bd7 8.O-O Bd6
9.Re1+ Nge7 10.Be3 O-O 11.Nd2 a6 12.Bf1 Ne5 13.Bf4 N7g6 14.Bg3 Re8 15.Qb3 Bc6
16.Qc2 h5 17.h3 h4 18.Bh2 Bc5 19.Rad1 Bd7 20.N2f3 Nxf3+ 21.Nxf3 Rxe1 22.Rxe1 Qf6
23.Qd2 Rd8 24.Nd4 Rc8 25.Re3 Bxd4 26.cxd4 Bb5 27.Bxb5  1/2-1/2

[Event "HZ Open"]
[Site "Vlissingen NED"]
[Date "2004.08.08"]
[Round "2"]
[White "Barpiyeva,G"]
[Black "Tiviakov,S"]
[Result "0-1"]
[WhiteElo "2124"]
[BlackElo "2601"]

1.d4 Nf6 2.Nf3 e6 3.g3 b6 4.Bg2 Bb7 5.O-O Be7 6.c4 O-O 7.Nc3 Na6 8.Re1 d5
9.Ne5 c6 10.e4 dxc4 11.Nxc4 b5 12.Ne5 Qb6 13.Be3 c5 14.d5 Rfd8 15.Qb3 Nc7
16.dxe6 Qxe6 17.Qxe6 fxe6 18.f3 Nd7 19.Nd3 c4 20.Nf4 b4 21.Nce2 e5 22.Nh3 Nc5
23.Nf2 Nd3 24.Reb1 Ne6 25.Bh3 Nec5 26.Bxc5 Bxc5 27.Be6+ Kf8 28.Rf1 Nxf2 29.Rxf2 Rd2
30.Bxc4 Rxb2 31.Rd1 Ke7 32.Kg2 Bxf2 33.Kxf2 Rd8 34.Rc1 Rc8  0-1

[Event "HZ Open"]
[Site "Vlissingen NED"]
[Date "2004.08.09"]
[Round "4"]
[White "Peek,Mau"]
[Black "Tiviakov,S"]
[Result "1/2-1/2"]
[WhiteElo "2348"]
[BlackElo "2601"]

1.d4 Nf6 2.c4 e6 3.g3 d5 4.Bg2 Bb4+ 5.Nd2 O-O 6.Nf3 dxc4 7.Qc2 c5 8.Qxc4 Nc6
9.dxc5 Qe7 10.O-O Bxc5 11.Ng5 Ne5 12.Qc2 Bb6 13.Nde4 Ng6 14.Nxf6+ Qxf6 15.h4 h6  1/2-1/2

[Event "HZ Open"]
[Site "Vlissingen NED"]
[Date "2004.08.10"]
[Round "5"]
[White "Tiviakov,S"]
[Black "Odendahl,R"]
[Result "1-0"]
[WhiteElo "2601"]
[BlackElo "2377"]

1.e4 c5 2.c3 d6 3.d4 Nf6 4.Bd3 g6 5.dxc5 dxc5 6.e5 c4 7.Qa4+ Bd7 8.Qxc4 Ng4
9.f4 e6 10.Be4 Qb6 11.Qe2 Bc5 12.Nh3 h5 13.Nd2 Bb5 14.Qf3 Ne3 15.b4 Be7 16.a4 Bc6
17.a5 Nxg2+ 18.Kf1 Ne3+ 19.Kg1 Qc7 20.Qxe3 g5 21.Nxg5 Rg8 22.h4 Nd7 23.Rh3 O-O-O
24.a6 b6 25.Bxc6 Qxc6 26.Qe4  1-0

[Event "HZ Open"]
[Site "Vlissingen NED"]
[Date "2004.08.11"]
[Round "6"]
[White "Schandorff,L"]
[Black "Tiviakov,S"]
[Result "1/2-1/2"]
[WhiteElo "2496"]
[BlackElo "2601"]

1.Nf3 Nf6 2.c4 b6 3.Nc3 Bb7 4.d4 e6 5.a3 d5 6.cxd5 Nxd5 7.Qc2 Be7 8.e4 Nxc3
9.bxc3 O-O 10.Bd3 c5 11.O-O Qc8 12.Qe2 Ba6 13.Rd1 Bxd3 14.Rxd3 Nd7 15.e5 cxd4
16.cxd4 Re8 17.Ng5 Nf8 18.h4 Qc6 19.h5 Rac8 20.Ne4 Nd7 21.Bg5 Bxg5 22.Nxg5 f5
23.exf6 Nxf6 24.Re1 Qb5 25.Qd2  1/2-1/2

[Event "HZ Open"]
[Site "Vlissingen NED"]
[Date "2004.08.13"]
[Round "8"]
[White "Werle,J"]
[Black "Tiviakov,S"]
[Result "0-1"]
[WhiteElo "2449"]
[BlackElo "2601"]

1.Nf3 Nf6 2.c4 b6 3.g3 Bb7 4.Bg2 e6 5.O-O Be7 6.Nc3 O-O 7.Re1 d5 8.cxd5 Nxd5
9.e4 Nxc3 10.bxc3 Nc6 11.d4 Na5 12.Qc2 c5 13.d5 exd5 14.exd5 Bf6 15.Rd1 h6
16.Nd2 Be5 17.Rb1 Qd7 18.Nf1 Nc4 19.Ne3 Nd6 20.f4 Bf6 21.Bf3 Rae8 22.Ng4 Qd8
23.Nxf6+ Qxf6 24.c4 Bc8 25.Bb2 Bf5 26.Qb3 Qg6 27.Rbc1 f6 28.Re1 Be4 29.Be2 Re7
30.Bf1 Rfe8 31.Re2 h5 32.Rce1 h4 33.Bh3 Bc2 34.Qf3 Rxe2 35.Rxe2 Rxe2 36.Qxe2 Qe4
37.Be6+ Kf8 38.Qxe4 Bxe4 39.gxh4 Nxc4 40.Bc1 Ke7 41.f5 Kd6 42.Bf4+ Ne5 43.a3 Bxd5
44.Bc8 Bf7 45.Kf2 Kd5 46.Ke3 Nc4+ 47.Kd3 Nd6 48.Bd7 c4+ 49.Kc3 Ne4+ 50.Kc2 Kd4
51.Bb8 Nc5 52.Be6 Bxe6 53.fxe6 Nxe6 54.Bxa7 Kc5 55.Kc3 Nf4 56.Bb8 Nd5+ 57.Kc2 g6
58.Bg3 Kd4 59.Bf2+ Ke4  0-1

[Event "HZ Open"]
[Site "Vlissingen NED"]
[Date "2004.08.14"]
[Round "9"]
[White "Tiviakov,S"]
[Black "Stellwagen,D"]
[Result "1/2-1/2"]
[WhiteElo "2601"]
[BlackElo "2509"]

1.e4 c5 2.Nf3 e6 3.c3 Nf6 4.e5 Nd5 5.Bc4 Nb6 6.Bb3 d5 7.exd6 Bxd6 8.d4 Nc6
9.dxc5 Bxc5 10.Qe2 Qc7 11.O-O O-O 12.Bc2 Nd5 13.Ng5 h6 14.Nf3 Bd6 15.Nbd2 Nf4
16.Qd1 Rd8 17.g3 Nd5 18.Qe2 b6 19.Ne4 Bb7 20.Nxd6 Qxd6 21.Nd2 Qc7 22.Be4 Nf6
23.Bg2 Nb8 24.Nf3 Ba6 25.Qe5 Qxe5 26.Nxe5 Bxf1 27.Kxf1 Nbd7 28.Nxd7 Nxd7
29.Bxa8 Rxa8 30.c4 Kf8 31.Ke2 Ke8 32.b3 f6 33.Bb2 Rc8 34.Rd1 Rc5 35.Rd2 Ne5
36.Ba3 Rc6 37.f4 Nf7 38.Ke3 h5 39.Ke4 Rc7 40.Rc2 Nd8 41.Rd2 Nb7 42.Ke3 Kf7
43.Rd4 Kg6 44.Ke4 Kf7 45.Bb4 Kg6 46.Rd2 Kf7 47.h3 Ke8 48.Rd1 Nc5+ 49.Ke3 Nb7
50.g4 hxg4 51.hxg4 Kf7 52.Ke4 Kg8 53.g5 Kf7 54.Rd2 Kg6 55.Rg2 Nc5+ 56.Bxc5 Rxc5
57.gxf6+ Kxf6 58.Rd2 g5 59.Rd7 Ra5 60.fxg5+ Kxg5 61.a4 Kf6 62.Rc7 Rh5 63.Rxa7 Rh3
64.b4 Rh4+ 65.Kd3 Rh3+ 66.Ke2 Rh2+ 67.Kf3 Rh3+ 68.Kg2 Rb3 69.b5 Rb4 70.Rc7 Rxa4
71.c5  1/2-1/2

[Event "XVII Torre Mem"]
[Site "Yucatan MEX"]
[Date "2004.12.13"]
[Round "1"]
[White "Tiviakov,S"]
[Black "Gravel,S"]
[Result "1-0"]
[WhiteElo "2617"]
[BlackElo "2255"]

1.e4 e5 2.Bc4 Nf6 3.d3 Nc6 4.Nf3 Bc5 5.c3 d6 6.Bb3 a6 7.O-O Ba7 8.Be3 O-O
9.Nbd2 h6 10.h3 Re8 11.Re1 Bxe3 12.fxe3 Be6 13.Bc2 d5 14.exd5 Nxd5 15.d4 exd4
16.exd4 Nf6 17.Nf1 Qd6 18.Qd3 Rad8 19.Ne3 Qf4 20.Nd2 Ne5 21.Qe2 Ng6 22.Qf2 Nd5
23.Ne4 Qxf2+ 24.Kxf2 Ngf4 25.h4 Kf8 26.Nxd5 Bxd5 27.g3 Ne6 28.b4 b6 29.Nd2 c5
30.bxc5 bxc5 31.Ba4 cxd4 32.c4 Ba8 33.Bxe8 Rxe8 34.Rab1 Rd8 35.Re5 Rc8 36.Rb6 Ke7
37.Rxa6 Kf6 38.Rd5 Bb7 39.Rb6 Bc6 40.Rd6 Ba8 41.Rxd4  1-0

[Event "XVII Torre Mem"]
[Site "Yucatan MEX"]
[Date "2004.12.14"]
[Round "2"]
[White "Pupo,E"]
[Black "Tiviakov,S"]
[Result "1/2-1/2"]
[WhiteElo "2375"]
[BlackElo "2617"]

1.e4 c5 2.Nf3 d6 3.d4 cxd4 4.Nxd4 Nf6 5.Nc3 g6 6.Be3 Bg7 7.f3 Nc6 8.Qd2 Bd7
9.O-O-O Rc8 10.g4 Ne5 11.Kb1 O-O 12.h4 h5 13.gxh5 Nxh5 14.Rg1 Rxc3 15.bxc3 Qb6+
16.Nb3 Qc7 17.Be2 Kh7 18.Bd4 Bh6 19.Be3 Bg7 20.Bd4 Bh6 21.Be3  1/2-1/2

[Event "XVII Torre Mem"]
[Site "Yucatan MEX"]
[Date "2004.12.14"]
[Round "3"]
[White "Tiviakov,S"]
[Black "Martinez,Ib"]
[Result "1-0"]
[WhiteElo "2617"]
[BlackElo "2371"]

1.e4 e5 2.Nf3 Nc6 3.Bc4 Nf6 4.d3 Bc5 5.c3 d6 6.Bb3 h6 7.Nbd2 Be6 8.Bc2 O-O
9.h3 a6 10.Nf1 d5 11.Bd2 dxe4 12.dxe4 Qe7 13.Ng3 Rad8 14.Qe2 Nh7 15.O-O Rfe8
16.b4 Bb6 17.Rfd1 Nf8 18.Ba4 Bd7 19.Nf5 Qf6 20.Bc2 Ng6 21.Nh2 Bxf5 22.exf5 Nf4
23.Qf3 Qg5 24.Kh1 Ne7 25.g3 Rxd2 26.Rxd2 Nxh3 27.Rad1 Nc8 28.Kg2 Nf4+ 29.Kf1 Qh5
30.Qxh5 Nxh5 31.Rd8 Kf8 32.Rxe8+ Kxe8 33.Ng4 Nf6 34.Nxe5 a5 35.Nc4 axb4 36.Nxb6 Nxb6
37.cxb4 Nbd5 38.a3 c6 39.Bb3 Ke7 40.b5 Kd6 41.bxc6 Kxc6 42.Rc1+ Kd7 43.Ke2 Ne7
44.Bc2 Nc6 45.Ba4  1-0

[Event "XVII Torre Mem"]
[Site "Yucatan MEX"]
[Date "2004.12.15"]
[Round "4"]
[White "Zapata,A"]
[Black "Tiviakov,S"]
[Result "0-1"]
[WhiteElo "2504"]
[BlackElo "2617"]

1.e4 c5 2.Nf3 Nc6 3.d4 cxd4 4.Nxd4 g6 5.Nc3 Bg7 6.Nb3 Nf6 7.Be2 O-O 8.O-O d6
9.Re1 Be6 10.Bf1 d5 11.Nc5 Bg4 12.f3 d4 13.Nb5 Bc8 14.a4 a6 15.Na3 b6 16.Nd3 Bb7
17.Bd2 Rc8 18.c4 Nd7 19.f4 e5 20.f5 gxf5 21.exf5 Ne7 22.g4 Qc7 23.Nf2 Rfe8
24.Ne4 Bxe4 25.Rxe4 Nc5 26.Bg2 Rcd8 27.Qf1 Nxe4 28.Bxe4 f6 29.Rc1 d3 30.Be3 Nc6
31.c5 Nd4 32.Bxd3 e4 33.Bf4 Qa7 34.Bxa6 bxc5 35.Be3 Kh8 36.Bb5 Re5 37.Kh1 Qb7
38.Nc4 Red5 39.Na5 Qc7 40.Bxd4 Rxd4 41.Nb3 Rb4 42.Rxc5 Qe7 43.Rc3 e3 44.Be2 Qe5
45.Qf3 Bh6 46.a5 Rf4 47.Qh3 Qe4+ 48.Kg1 Rf2 49.Rc4 Rd1+ 50.Bxd1 Qxc4 51.g5 e2  0-1

[Event "XVII Torre Mem"]
[Site "Yucatan MEX"]
[Date "2004.12.16"]
[Round "5"]
[White "Tiviakov,S"]
[Black "Sulskis,S"]
[Result "1/2-1/2"]
[WhiteElo "2617"]
[BlackElo "2555"]

1.e4 e5 2.Nf3 Nc6 3.Bc4 Bc5 4.c3 Nf6 5.d3 d6 6.Bb3 a6 7.O-O O-O 8.Be3 Ba7
9.Nbd2 Ne7 10.Nh4 Bg4 11.Qe1  1/2-1/2

[Event "XVII Torre Mem KO"]
[Site "Yucatan MEX"]
[Date "2004.12.17"]
[Round "1.2"]
[White "Tiviakov,S"]
[Black "Hernandez,Gi"]
[Result "1/2-1/2"]
[WhiteElo "2617"]
[BlackElo "2509"]

1.e4 c5 2.c3 d5 3.exd5 Qxd5 4.d4 Nf6 5.Nf3 e6 6.Na3 Be7 7.Nb5 Na6 8.Be2 cxd4
9.Qxd4 Qxd4 10.Nfxd4 O-O 11.O-O Nc5 12.Bf4 Nd5 13.Bd6 Bxd6 14.Nxd6 Rd8 15.Nxc8 Raxc8
16.Bf3 Na4 17.Rab1 Kf8 18.Rfe1 a6 19.Ne2 b5 20.Red1 Nab6 21.g3 Ke7 22.Kf1 Rd6
23.Nd4 g6 24.Nc2 Rcd8 25.Bxd5 Nxd5 26.Ke2 e5 27.Ne3 Nb6 28.Rxd6 Rxd6 29.Rc1 f5
30.c4 bxc4 31.Nxc4 Rc6 32.Kd3 e4+ 33.Kd4 Ke6 34.Rc3 Nd7 35.b4 Nf6 36.h3 Rc8
37.Ra3 Rd8+ 38.Ke3 Nd5+ 39.Ke2 Nxb4 40.Ra4 Rb8 41.a3 Nd3 42.Rxa6+ Kd5 43.Ne3+ Kd4
44.Ra4+ Kc3 45.Nd1+ Kb3 46.Ra7 Rc8 47.Rxh7 Rc2+ 48.Ke3 Nc1 49.Rg7 Re2+ 50.Kf4 Rd2
51.Rxg6 Rxd1  1/2-1/2

[Event "Huila Centenary"]
[Site "Neiva COL"]
[Date "2005.05.12"]
[Round "4"]
[White "Rivera,A"]
[Black "Tiviakov,S"]
[Result "0-1"]
[WhiteElo "2381"]
[BlackElo "2631"]

1.d4 Nf6 2.Nf3 e6 3.c4 b6 4.Bg5 Bb7 5.e3 h6 6.Bxf6 Qxf6 7.Nc3 g6 8.Be2 Bg7
9.O-O O-O 10.Nd2 c6 11.Bf3 Qe7 12.Qa4 Na6 13.Rfd1 Rfc8 14.Rac1 Nc7 15.Be2 d5
16.cxd5 cxd5 17.Rc2 Qd6 18.Rdc1 a6 19.Qb3 Rab8 20.h4 Bf6 21.g3 Ne8 22.Na4 Rxc2
23.Rxc2 Bd8 24.Nf3 Kg7 25.Ne5 Nf6 26.Bd3 Ng8 27.Rc3 Ne7 28.Qc2 Rc8 29.Rxc8 Bxc8
30.a3 Qc7 31.Nc3 b5 32.Qe2 f6 33.Nf3 h5 34.Nh2 e5 35.dxe5 fxe5 36.Qd2 Bb7
37.Nf1 Qb6 38.Qe1 Bc7 39.Nd2 e4 40.Bf1 Be5 41.Bg2 b4 42.axb4 Qxb4 43.Qc1 Nf5
44.Nf1 a5 45.Qa1 Nd6 46.Nd2 Bc6 47.Bf1 d4 48.exd4 Bxd4 49.Bg2 e3 50.Bxc6 exd2
51.Bf3 Nc4 52.Nd1 Qb3 53.Kg2 Bxb2 54.Qb1 a4 55.Qe4 Ne5 56.Qb7+ Qxb7 57.Bxb7 a3
58.Bd5 Nd3 59.Kf3 Nb4 60.Bb3 Bc1 61.Ke4 a2 62.Bxa2 Nxa2 63.f3 Kf6 64.g4 Nb4
65.Ke3 Nc6 66.Ke2 Nd4+ 67.Ke3 Ne6 68.Ke4 Nc5+ 69.Kd4 Na4 70.Kd3 Ke5  0-1

[Event "Huila Centenary"]
[Site "Neiva COL"]
[Date "2005.05.14"]
[Round "8"]
[White "Cordova,Em"]
[Black "Tiviakov,S"]
[Result "0-1"]
[WhiteElo "2384"]
[BlackElo "2631"]

1.d4 Nf6 2.Nf3 d5 3.Bg5 c5 4.Bxf6 gxf6 5.e3 Qb6 6.Nc3 e6 7.Bb5+ Nc6 8.a4 cxd4
9.a5 Qc7 10.Qxd4 Bg7 11.Qa4 O-O 12.Qa3 Rd8 13.a6 bxa6 14.Bxa6 Bxa6 15.Qxa6 Nb4
16.Qe2 Rdb8 17.Nd4 Qc5 18.Rd1 Nc6 19.Qd2 Nxd4 20.exd4 Qb4 21.b3 Rb7 22.Ne2 a5
23.O-O f5 24.Rde1 Rbb8 25.Rc1 Rb7 26.Rcd1 a4 27.bxa4 Qxd2 28.Rxd2 Rb2 29.f4 Rc8
30.Rc1 Bf8 31.Kf2 Bb4 32.Rd3 Rbxc2 33.Rxc2 Rxc2 34.Rg3+ Kf8 35.Rh3 Kg7 36.Rg3+ Kf6
37.Rh3 Bd2 38.Ra3 Bxf4 39.a5 Bb8 40.a6 Ba7 41.Ke3 Rb2 42.Kd3 Ke7 43.h3 Kd7
44.Ra1 Rb3+ 45.Kc2 Rb4 46.Kc3 Rb6 47.g4 fxg4 48.hxg4 Ke7 49.g5 Kf8 50.Kd3 Rb4
51.Kc3 Rc4+ 52.Kb3 Rc6 53.Ra4 Kg7 54.Nc3 Bxd4 55.Rxd4 Rxa6 56.Kc2 Kg6 57.Rh4 Ra1
58.Rh6+ Kxg5 59.Rxh7 f6 60.Kd3 Rf1 61.Rd7 Kf4 62.Rd8 Ke5 63.Re8 f5 64.Nb5 Rc1
65.Re7 Rb1 66.Nc7 Rb3+ 67.Kd2 Rb6 68.Na8 Rc6 69.Rb7 Ke4 70.Nc7 e5 71.Nb5 d4
72.Rd7 Rc5 73.Nd6+ Kf4 74.Nb7 Rb5 75.Nd8 Rb2+ 76.Kc1 Rg2 77.Kd1 Ke3 78.Rd5 e4
79.Rxf5 Rg1+  0-1

[Event "2nd Rapid"]
[Site "D'Ajaccio FRA"]
[Date "2005.10.26"]
[Round "1"]
[White "Tiviakov,S"]
[Black "Geronimi,P"]
[Result "1-0"]
[WhiteElo "2700"]
[BlackElo "1824"]

1.e4 e5 2.Nf3 Nc6 3.Bc4 Bc5 4.c3 Nf6 5.d3 O-O 6.Bb3 d6 7.Bg5 h6 8.Bh4 Re8
9.Nbd2 Be6 10.Bc2 Ng4 11.Bxd8 Bxf2+ 12.Ke2 Raxd8 13.h3 Ne3 14.Qc1 Nxc2 15.Qxc2 Bc5
16.b4 Bb6 17.Nc4 Bxc4 18.dxc4 a5 19.a3 Ba7 20.g4 b6 21.h4 Re6 22.g5 h5 23.Rhf1 f6
24.gxf6 Rxf6 25.Ng5 Rdf8 26.Rxf6 Rxf6 27.Rf1 Rxf1 28.Kxf1 g6 29.Qf2 Nd8 30.Qf6  1-0

[Event "ch-NED"]
[Site "Hilversum NED"]
[Date "2006.06.27"]
[Round "9"]
[White "Van Wely,L"]
[Black "Tiviakov,S"]
[Result "0-1"]
[WhiteElo "2655"]
[BlackElo "2669"]

1.c4 e5 2.g3 Nf6 3.Bg2 d5 4.cxd5 Nxd5 5.Nc3 Nb6 6.Nf3 Nc6 7.O-O Be7 8.a3 O-O
9.b4 Be6 10.Rb1 f6 11.d3 a5 12.b5 Nd4 13.Nd2 Qc8 14.e3 Nf5 15.Qc2 Rd8 16.Bb2 Nh6
17.Rfd1 Nf7 18.Rbc1 Bf8 19.h4 Bh3 20.Bh1 Bg4 21.Re1 Bf5 22.Nce4 Qd7 23.Qxc7 Na4
24.Ba1 Bxa3 25.Rc4 Qxb5 26.Nb1 Bb4 27.Nbc3 Qd7 28.Rb1 Nxc3 29.Bxc3 Qxd3 30.Rbxb4 axb4
31.Rxb4 Rac8 32.Qe7 Rd7  0-1

[Event "Dutch Open"]
[Site "Dieren NED"]
[Date "2006.07.26"]
[Round "2"]
[White "Tiviakov,S"]
[Black "Van der Werf,M"]
[Result "1/2-1/2"]
[WhiteElo "2668"]
[BlackElo "2378"]

1.e4 e5 2.Nf3 Nc6 3.Bc4 Nf6 4.d3 Be7 5.O-O O-O 6.Bb3 d6 7.c3 Be6 8.Bc2 d5
9.Qe2 dxe4 10.dxe4 Nd7 11.Rd1 Qc8 12.Ng5 Bxg5 13.Bxg5 f6 14.Be3 Qe8 15.Nd2 a5
16.Nc4 Qf7 17.Na3 b6 18.Rd2 Rfc8 19.Ba4 Na7 20.Rad1 Nf8 21.c4 c5 22.Rd6 Qb7
23.f3 Nc6 24.Bxc6 Rxc6 25.Nb5 Rxd6 26.Rxd6 Re8 27.Qd3 Re7 28.g3 Bf7 29.Kf2 Rd7
30.b3 Be6 31.Ke2 Qb8 32.f4 Rxd6 33.Nxd6 exf4 34.gxf4 Qa8 35.a4 Bd7 36.Qd5+ Qxd5
37.cxd5 Bg4+ 38.Kf2 Bd1 39.e5 fxe5 40.fxe5 Ng6 41.Nc4 Bxb3 42.d6 Kf7 43.d7 Ke7
44.Nxb6 h6 45.Bxc5+ Kd8 46.Bd6 Nf4 47.Ke3 Nd5+ 48.Nxd5 Bxd5 49.Kd4 Be6 50.Kc3 Bxd7
51.Kb3 Be6+ 52.Ka3 g6 53.Bf8 h5 54.Bh6 Kc7 55.h4 Kc6 56.Bd2 Kd5 57.Bxa5 Kxe5  1/2-1/2

[Event "Dutch Open"]
[Site "Dieren NED"]
[Date "2006.07.27"]
[Round "3"]
[White "Miedema,R"]
[Black "Tiviakov,S"]
[Result "0-1"]
[WhiteElo "2218"]
[BlackElo "2668"]

1.d4 Nf6 2.c4 e6 3.Nc3 Bb4 4.e3 O-O 5.Bd3 d5 6.Nf3 c5 7.O-O dxc4 8.Bxc4 Nc6
9.a3 Bxc3 10.bxc3 Qc7 11.Bb2 b6 12.Qe2 Bb7 13.e4 cxd4 14.cxd4 Nxe4 15.Bd3 f5
16.Bxe4 fxe4 17.Ng5 Nd8 18.Nxe4 Bd5 19.Rac1 Nc6 20.Nc3 Qd7 21.Nxd5 exd5 22.Qb5 Rac8
23.Rc2 Qe6 24.Rfc1 Ne7 25.Re2 Rxc1+ 26.Bxc1 Qc6 27.Qxc6 Nxc6 28.Be3 Na5 29.Bd2 Nc4
30.Bb4 Ra8 31.a4 a5 32.Bc3 Kf7 33.f3 Re8 34.Kf2 Rxe2+ 35.Kxe2 Ke6 36.Kd3 Kd6
37.h4 Kc6 38.g4 b5 39.axb5+ Kxb5 40.f4 Nd6 41.f5 a4 42.Bd2 a3 43.Bc3 Ka4
44.Kc2 Nc4 45.Kd3 Kb3 46.Ba1 Nd6 47.Kd2 Ka2 48.Kc2 Kxa1 49.Kb3 a2 50.Kc2 Nb5  0-1

[Event "Dutch Open"]
[Site "Dieren NED"]
[Date "2006.08.01"]
[Round "7"]
[White "Brandenburg,D"]
[Black "Tiviakov,S"]
[Result "0-1"]
[WhiteElo "2392"]
[BlackElo "2668"]

1.e4 c5 2.c3 d5 3.exd5 Qxd5 4.d4 e6 5.Nf3 Nf6 6.Be3 cxd4 7.cxd4 Nc6 8.Nc3 Qd6
9.a3 g6 10.Bg5 Bg7 11.Bxf6 Bxf6 12.Ne4 Qe7 13.Nxf6+ Qxf6 14.Bb5 Bd7 15.O-O O-O
16.Qd2 Rfd8 17.Qe3 Ne7 18.Bxd7 Rxd7 19.Qe5 Kg7 20.Rfd1 Rad8 21.Qxf6+ Kxf6
22.Rd2 g5 23.Rad1 h5 24.h3 Rd5 25.Kf1 Nc6 26.g4 h4 27.Ke2 Rb5 28.b4 a5 29.bxa5 Ne7
30.a4 Rb4 31.Ne5 Rxa4 32.f4 gxf4 33.Kf3 Ra3+ 34.Kg2 Nd5 35.Rb1 Ne3+ 36.Kf2 Rxa5
37.Rxb7 Rxd4 38.Rxd4 Kxe5 39.Rd2 f6 40.Rh7 Ra1 41.Rb7 Rf1+ 42.Ke2 Rh1 43.Rb5+ Nd5
44.Rb3 Ke4 45.Kf2 f3 46.Rbd3 Rh2+ 47.Kf1 Rxh3 48.Rd4+ Ke5 49.Kf2 Nc3  0-1

[Event "Dutch Open"]
[Site "Dieren NED"]
[Date "2006.08.02"]
[Round "8"]
[White "Tiviakov,S"]
[Black "Swinkels,R"]
[Result "1/2-1/2"]
[WhiteElo "2668"]
[BlackElo "2286"]

1.e4 e5 2.Nf3 Nc6 3.Bb5 a6 4.Ba4 Nf6 5.Qe2 b5 6.Bb3 Be7 7.c3 O-O 8.d4 exd4
9.e5 Re8 10.O-O Bf8 11.cxd4 d6 12.Bg5 dxe5 13.dxe5 Bg4 14.Bxf6 gxf6 15.Rd1 Bd6
16.h3 Bh5 17.e6 fxe6 18.Qe4 Qd7 19.Nc3 Na5 20.Bc2 Bg6 21.Qe2 Bxc2 22.Qxc2 f5
23.Ne2 Nc4 24.a4 Nb6 25.axb5 axb5 26.Rxa8 Rxa8 27.Ned4 Nd5 28.Qe2 Nf4 29.Qxb5 Qxb5
30.Nxb5 Rb8 31.Nxd6 cxd6 32.Rxd6 Rxb2 33.Ng5 h6 34.Nxe6 Nxe6 35.Rxe6 Kg7
36.g3 Ra2 37.Kg2 Ra3 38.h4 h5 39.Rd6 Rb3 40.Rd4 Ra3 41.Kf1 Ra2 42.Ke1 Kg6
43.Rd6+ Kg7 44.Rd7+ Kg6 45.Rd4 Kg7 46.Kf1 Kg6 47.Rd6+ Kg7 48.Rd3 Kg6 49.Kg2 Kg7
50.Kf3 Ra4 51.Rd7+ Kg6 52.Rd6+ Kg7 53.Re6 Rc4 54.Ke3 Ra4 55.Rc6 Re4+ 56.Kd3 Ra4
57.Rc4 Ra2 58.Ke3 Kg6 59.Rd4 Kf6 60.Rd6+ Kg7 61.Rd2 Ra4 62.Rd4 Ra2 63.f3 Ra3+
64.Kf4 Kg6 65.Rd6+ Kg7 66.Re6 Rb3 67.Re3 Rxe3 68.Kxe3 Kf7 69.Kd3 Ke7 70.Kc3 Kd7
71.Kb4 Kc6 72.Kc4 Kd6 73.Kd4 Ke6 74.Kd3 Ke7 75.Ke2 Kf6 76.Kd1 Ke7 77.Kd2 Ke6
78.Kc3 Kd7 79.Kc4 Kd6 80.Kd4 Ke6 81.Kc5 Ke5 82.f4+ Ke4 83.Kd6 Kf3 84.Ke5 Kxg3
85.Kxf5 Kxh4 86.Ke5 Kg3 87.f5 h4 88.f6 h3 89.f7 h2 90.f8=Q h1=Q  1/2-1/2

[Event "Dutch Open"]
[Site "Dieren NED"]
[Date "2006.08.03"]
[Round "9"]
[White "Van den Doel,E"]
[Black "Tiviakov,S"]
[Result "1-0"]
[WhiteElo "2577"]
[BlackElo "2668"]

1.e4 d5 2.exd5 Qxd5 3.Nf3 Nf6 4.d4 Bf5 5.c4 Qd8 6.Qb3 Qc8 7.Nc3 e6 8.Bf4 Be7
9.Nh4 Bg6 10.Nxg6 hxg6 11.g3 Nc6 12.O-O-O Ng4 13.Rd2 Bf6 14.Qa4 Kf8 15.d5 Nd4
16.Ne4 e5 17.Be3 Rxh2 18.Rxh2 Nxh2 19.Bg2 Nhf3 20.Bxf3 Nxf3 21.Rd1 Kg8 22.c5 Be7
23.Kb1 Bf8 24.d6 cxd6 25.cxd6 Qe6 26.Nc5 Qf5+ 27.Ka1 Rd8 28.Nxb7 Rd7 29.g4 Qe6
30.Nc5  1-0

[Event "2nd Lluis Muratet Rapid"]
[Site "Banyoles ESP"]
[Date "2006.08.16"]
[Round "9"]
[White "Tiviakov,S"]
[Black "Korchnoi,V"]
[Result "1-0"]
[WhiteElo "2668"]
[BlackElo "2600"]

1.e4 e6 2.d4 d5 3.Nd2 c5 4.exd5 exd5 5.Ngf3 Nc6 6.Bb5 Bd6 7.dxc5 Bxc5 8.O-O Ne7
9.Nb3 Bb6 10.Bg5 O-O 11.Re1 f6 12.Be3 Bg4 13.Bxb6 axb6 14.Be2 Bxf3 15.Bxf3 Ne5
16.g3 Qd6 17.Bg2 Rad8 18.c3 N7c6 19.Nd4 Rfe8 20.Re2 Qd7 21.Qe1 Nxd4 22.cxd4 Nf7
23.Rc1 Rxe2 24.Qxe2 Ng5 25.Re1 f5 26.Qe5 Ne4 27.Rc1 Re8 28.Rc7 Rxe5 29.Rxd7 Re6
30.Rxd5 Rc6 31.Bxe4 fxe4 32.Rd8+ Kf7 33.Rd7+ Kf8 34.Rxb7 Rc1+ 35.Kg2 Rc2
36.Rxb6 e3 37.Kf3  1-0

[Event "9th Open"]
[Site "Banyoles ESP"]
[Date "2006.08.18"]
[Round "2"]
[White "Sorroche Martin,J"]
[Black "Tiviakov,S"]
[Result "0-1"]
[WhiteElo "2217"]
[BlackElo "2668"]

1.e4 c5 2.Nf3 d6 3.d4 cxd4 4.Nxd4 Nf6 5.Nc3 g6 6.g3 Nc6 7.Bg2 Nxd4 8.Qxd4 Bg7
9.O-O O-O 10.Rd1 Bg4 11.f3 Be6 12.Be3 Nd5 13.Qd2 Nxc3 14.bxc3 Qa5 15.Bd4 Rac8
16.Rab1 b6 17.Rb4 Bxd4+ 18.cxd4 Rxc2 19.Qxc2 Qxb4 20.d5 Rc8 21.Qb3 Qc5+ 22.Kh1 Bd7
23.h4 Qf2  0-1

[Event "9th Open"]
[Site "Banyoles ESP"]
[Date "2006.08.19"]
[Round "3"]
[White "Tiviakov,S"]
[Black "Matnadze,A"]
[Result "1/2-1/2"]
[WhiteElo "2668"]
[BlackElo "2361"]

1.e4 c5 2.c3 d5 3.exd5 Qxd5 4.d4 Nf6 5.Nf3 e6 6.Na3 cxd4 7.Nb5 Na6 8.Qxd4 Bc5
9.Qxd5 Nxd5 10.Bc4 O-O 11.Bxd5 exd5 12.O-O Re8 13.Bf4 Bg4 14.Nfd4 Bxd4 15.Nxd4 Nc5
16.f3 Bd7 17.Bg3 Ne6 18.Nf5 Nf4 19.Nh6+ gxh6 20.Bxf4 h5 21.Rad1 Bc6 22.Kf2 f6
23.Rd2 Kf7 24.Kg3 Kg6 25.Kh4 Re7 26.Bd6 Re6 27.Bc5 f5 28.Kg3 a5 29.Kf4 a4
30.Rff2 Rae8 31.Bb4 Re1 32.Kg3 Kg5 33.f4+ Kf6 34.Bc5 Rg8+ 35.Kh3 Re4 36.Bd4+ Ke6
37.Rd3 Rg4 38.Re3 Bd7 39.b3 Kf7 40.Rg3 Bb5 41.bxa4 Bxa4 42.Rxg4 hxg4+ 43.Kh4 Kg6
44.h3 h5 45.hxg4 hxg4 46.Kg3 Kf7 47.Rb2 b5 48.Be5 Re1 49.Kh4 Kg6 50.Rd2 Rh1+
51.Kg3 Rd1 52.Re2 Kh5 53.Kf2 Rd3 54.Re3 Rd2+ 55.Re2 g3+ 56.Ke3 Rd1 57.Rd2 Rxd2
58.Kxd2  1/2-1/2

[Event "9th Open"]
[Site "Banyoles ESP"]
[Date "2006.08.19"]
[Round "4"]
[White "Borne,N"]
[Black "Tiviakov,S"]
[Result "0-1"]
[WhiteElo "2331"]
[BlackElo "2668"]

1.d4 Nf6 2.c4 e6 3.Nf3 b6 4.e3 Bb7 5.Bd3 d5 6.cxd5 exd5 7.O-O Bd6 8.Nc3 O-O
9.b3 Nbd7 10.Bb2 a6 11.Rc1 Qe7 12.Ne2 Ne4 13.Rc2 f5 14.Ng3 Rf7 15.Re1 g5
16.Qe2 g4 17.Nd2 Qe6 18.Ndf1 Ndf6 19.f3 h5 20.Qd1 h4 21.Nh1 gxf3 22.Qxf3 Rg7
23.Nf2 Ng5 24.Qe2 Nfe4 25.Kh1 b5 26.a4 c6 27.Rec1 Rf8 28.Re1 Qg6 29.Bxe4 fxe4
30.Nd1 Nf7  0-1

[Event "9th Open"]
[Site "Banyoles ESP"]
[Date "2006.08.24"]
[Round "9"]
[White "Tiviakov,S"]
[Black "Giffard,N"]
[Result "1-0"]
[WhiteElo "2668"]
[BlackElo "2353"]

1.e4 c6 2.d3 d5 3.Nd2 g6 4.g3 Bg7 5.Bg2 e5 6.Ngf3 Ne7 7.O-O O-O 8.b4 a5 9.bxa5 Qxa5
10.Bb2 d4 11.a4 h6 12.Nc4 Qc7 13.c3 c5 14.Qb3 Ra6 15.cxd4 cxd4 16.Ba3 Rd8
17.Rfc1 Rc6 18.Qb5 f6 19.Rcb1 Bf8 20.Na5 Ra6 21.Nxb7 Bxb7 22.Bxe7 Qxe7 23.Qxb7 Qxb7
24.Rxb7 Nd7 25.a5 g5 26.Nd2 Nc5 27.Rb5 Ra7 28.Bf1 Be7 29.Nc4 Kf7 30.Be2 Kg7
31.Kf1 Rh8 32.Nb2 Rha8 33.Nc4 Rh8 34.Rb6 Rc8 35.Ke1 Nd7 36.Rb5 Rc6 37.Kd2 Nc5
38.Bf3 Bd8 39.Ke2 Nb7 40.Bg4 Nc5 41.f3 Ra8 42.Bf5 Bc7 43.h4 Rb8 44.Rxb8 Bxb8
45.Rb1 Bc7 46.Rb5 Kf8 47.Kd2 Ke8 48.Kc2 Ke7 49.Rb1 Kd8 50.Bh7 Nd7 51.Ra1 Nb8
52.Bg8 Na6 53.Bd5 Rc5 54.Bb7 Nb4+ 55.Kd2 Bb8 56.Rb1 Na2 57.Rb6 Bc7 58.Ra6 Rb5
59.Ra8+ Kd7 60.Bd5 Nc3 61.a6 Rb4 62.Rf8 Ra4 63.Rxf6 Ra2+ 64.Ke1 Ra1+ 65.Kf2 Nd1+
66.Kg2 Ne3+ 67.Kh2 Ra2+ 68.Kh3 Ra1 69.g4 Rh1+ 70.Kg3 gxh4+ 71.Kf2 Ra1 72.Rxh6 h3
73.Rxh3 Ra2+ 74.Kg3 Rxa6 75.Rh7+ Kd8 76.g5 Rg6 77.Kh4 Ng2+ 78.Kg4 Nf4 79.Kf5 Kc8
80.Bf7  1-0

[Event "14th Open Valle d'Aosta"]
[Site "Saint Vincent ITA"]
[Date "2006.10.07"]
[Round "8"]
[White "Tiviakov,S"]
[Black "Rotstein,A"]
[Result "1-0"]
[WhiteElo "2668"]
[BlackElo "2521"]

1.e4 c5 2.Nf3 e6 3.Nc3 d6 4.d4 cxd4 5.Nxd4 a6 6.Be2 Nf6 7.a4 b6 8.Bf3 Ra7
9.Be3 Rc7 10.O-O Nbd7 11.a5 bxa5 12.Nb3 Be7 13.Nxa5 O-O 14.Re1 Ne8 15.Qd2 Bf6
16.Na4 h6 17.Be2 Bg5 18.f4 Bh4 19.Red1 e5 20.Nc4 exf4 21.Bxf4 Bg5 22.Bxg5 Qxg5
23.Qxg5 hxg5 24.Nc3 Nc5 25.Nxd6 Nxd6 26.Rxd6 Re8 27.Rad1 Bb7 28.Rd8 Re7 29.Bc4 Kf8
30.Rxe8+ Kxe8 31.Bd5 Bxd5 32.exd5 Kd7 33.Ra1 f5 34.Kf2 f4 35.Ra5 Kd6 36.Kf3 Rb7
37.Kg4 Rxb2 38.Rxc5 Kxc5 39.Na4+ Kxd5 40.Nxb2 Kd4 41.c4  1-0

[Event "XIX Carlos Torre Mem KO"]
[Site "Merida MEX"]
[Date "2006.12.19"]
[Round "2.3"]
[White "Tiviakov,S"]
[Black "De la Paz,F"]
[Result "1-0"]
[WhiteElo "2680"]
[BlackElo "2442"]

1.e4 e5 2.Nf3 Nc6 3.Bb5 Bc5 4.O-O d6 5.c3 Bd7 6.d4 Bb6 7.Bg5 f6 8.Be3 Nge7
9.Nbd2 O-O 10.Nc4 exd4 11.Nxb6 axb6 12.cxd4 d5 13.exd5 Nxd5 14.Bc4 Ne7 15.h3 Kh8
16.Re1 Bc6 17.Bd2 Ng6 18.Bd3 Ndf4 19.Bxf4 Nxf4 20.Be4 Qd7 21.Qd2 Bxe4 22.Rxe4 Nd5
23.a3 Rfe8 24.Rae1 Rxe4 25.Rxe4 Re8 26.Qe2 Re7 27.Nd2 Kg8 28.Nc4 Qe8 29.Rxe7 Qxe7
30.Ne3 Nxe3 31.fxe3 c6 32.Qc4+ Kf8 33.Kf2 g6 34.a4 Kg7 35.Qb3 Qd8 36.Qe6 f5
37.b4 Kh6 38.b5 Qd5 39.Qf6 cxb5 40.axb5 Qxb5 41.Qf8+ Kh5 42.Qf7 Kh6 43.d5 Qd3
44.Qf8+ Kh5 45.d6 Qd2+ 46.Kf3 Qd1+ 47.Kg3 Qe1+ 48.Kf4 Qf2+ 49.Ke5 Qxe3+ 50.Kf6 Qd4+
51.Ke7 Qe5+ 52.Kd8 b5 53.Qe7 Qh8+ 54.Kc7 Qc3+ 55.Kxb7 b4 56.d7 Qd2 57.d8=Q Qxg2+
58.Kb8 Qg3+ 59.Qdd6 Qf3 60.Qxh7+  1-0